| 000 | 00860cam a22002891 4500 | ||
|---|---|---|---|
| 001 | sa 65010159 | ||
| 003 | DLC | ||
| 005 | 20260227112206.0 | ||
| 008 | 891005s1965 ii b 000 0 kano | ||
| 010 | _asa 65010159 | ||
| 035 | _a(OCoLC)20445409 | ||
| 040 |
_aDLC _cWaU _dDLC |
||
| 042 | _apremarc | ||
| 043 | _aa-ii--- | ||
| 050 | 0 | 0 |
_aPL4650 _b.S8 |
| 100 | 1 | _aSunkapur, M. S. | |
| 245 | 1 | 0 |
_aKannaḍa sāhityadalli hāsya. _bHumour in Kannada literature. |
| 260 | _c[1965] | ||
| 300 |
_a16, 356, 4, xiii p. _c26 cm. |
||
| 490 | 1 |
_aKarnatak University. Research series, _v6 |
|
| 500 | _aIn Kannada. | ||
| 502 | _aThesis--Karnatak Unviersity. | ||
| 504 | _aBibliography: p. [1]-4 (3d group) | ||
| 650 | 0 |
_aKannada literature _xHistory and criticism. |
|
| 650 | 0 | _aKannada wit and humor. | |
| 830 | 0 |
_aKarnatak University research series ; _v6. |
|
| 999 |
_c66589 _d66589 |
||